[Event "GER-ch Youth U14 2019"]
[Site "Willingen"]
[Date "2019.06.12"]
[Round "5.7"]
[White "Deutsch, Christoph"]
[Black "Arakelian, Aik"]
[Result "1/2-1/2"]
[WhiteElo "1937"]
[BlackElo "1911"]
[Annotator "NA"]
[PlyCount "94"]
[EventDate "2019.06.07"]
[EventType "swiss"]
[EventRounds "9"]
[EventCountry "GER"]
[SourceTitle "playchess.com"]
[Source "ChessBase"]
[SourceQuality "1"]
[TimeControl "40/5400+30:1800+30"]

1. e4 {[%emt 0:00:00]} c5 {[%emt 0:00:00]} 2. Nf3 {[%emt 0:00:00]} a6 {[%emt 0:00:12]} 3. c4 {[%emt 0:03:40]} Nc6 {[%emt 0:00:11]} 4. d4 {[%emt 0:02:45]} cxd4 {[%emt 0:00:41]} 5. Nxd4 {[%emt 0:00:07]} Nf6 {[%emt 0:00:09]} 6. Nc3 {[%emt 0:00:24]} e5 {[%emt 0:00:08]} 7. Nc2 {[%emt 0:02:10]} Bc5 {[%emt 0:02:41]} 8. Be2 {[%emt 0:03:06]} d6 {[%emt 0:01:15]} 9. O-O {[%emt 0:02:29]} h6 {[%emt 0:02:29]} 10. Qd3 {[%emt 0:02:32]} O-O {[%emt 0:02:02]} 11. Be3 {[%emt 0:01:13]} Be6 {[%emt 0:02:24]} 12. h3 {[%emt 0:08:01]} Rc8 {[%emt 0:07:46]} 13. b3 {[%emt 0:03:12]} Nd7 {[%emt 0:05:09]} 14. Bxc5 {[%emt 0:15:35]} Nxc5 {[%emt 0:02:52]} 15. Qd2 {[%emt 0:04:32]} f5 {[%emt 0:01:33]} 16. Rad1 {[%emt 0:04:56]} f4 {[%emt 0:07:33]} 17. Qxd6 {[%emt 0:05:13]} Qg5 {[%emt 0:05:37]} 18. Bg4 {[%emt 0:06:34]} Bxg4 {[%emt 0:01:42]} 19. hxg4 {[%emt 0:00:53]} b6 {[%emt 0:00:54]} 20. Qd5+ {[%emt 0:03:11]} Kh8 {[%emt 0:01:32]} 21. f3 {[%emt 0:01:05]} h5 {[%emt 0:06:37]} 22. gxh5 {[%emt 0:04:10]} Rf6 {[%emt 0:01:12]} 23. b4 {[%emt 0:02:01]} Ne7 {[%emt 0:09:55]} 24. Qd2 {[%emt 0:00:42]} Ne6 {[%emt 0:01:05]} 25. Nd5 {[%emt 0:01:12]} Rh6 {[%emt 0:03:16]} 26. Nxb6 {[%emt 0:01:31]} Rd8 {[%emt 0:01:31]} 27. Qe2 {[%emt 0:03:09]} Qxh5 {[%emt 0:08:29]} 28. Rxd8+ {[%emt 0:00:27]} Nxd8 {[%emt 0:00:01]} 29. Qd2 {[%emt 0:00:21]} Qh2+ {[%emt 0:03:48]} 30. Kf2 {[%emt 0:00:08]} Qg3+ {[%emt 0:00:28]} 31. Ke2 {[%emt 0:00:07]} Nf7 {[%emt 0:02:52]} 32. Nd5 {[%emt 0:00:49]} Rh2 {[%emt 0:01:00]} 33. Ne1 {[%emt 0:04:21]} Nc6 {[%emt 0:00:34]} 34. Kd1 {[%emt 0:00:18]} Nd6 {[%emt 0:01:24]} 35. Nb6 {[%emt 0:03:06]} Nd4 {[%emt 0:02:20]} 36. c5 {[%emt 0:00:44]} N6b5 {[%emt 0:04:32]} 37. Nc4 {[%emt 0:01:43]} Qg5 {[%emt 0:01:50]} 38. Rf2 {[%emt 0:01:04]} Rh1 {[%emt 0:02:56]} 39. Kc1 {[%emt 0:00:50]} Qe7 {[%emt 0:03:31]} 40. Kb2 {[%emt 0:00:49]} Qe6 {[%emt 0:02:04]} 41. Na5 {[%emt 0:34:19]} g5 {[%emt 0:04:08]} 42. Nb3 {[%emt 0:00:00]} Nxb3 {[%emt 0:02:15]} 43. axb3 {[%emt 0:00:00]} Nd4 {[%emt 0:00:06]} 44. Qc3 {[%emt 0:00:00]} Rxe1 {[%emt 0:00:12]} 45. Qxe1 {[%emt 0:00:00]} Qxb3+ {[%emt 0:00:04]} 46. Kc1 {[%emt 0:00:00]} Qa3+ {[%emt 0:00:27]} 47. Kb1 {[%emt 0:00:00]} Qd3+ {[%emt 0:01:57] normal} 1/2-1/2

[Event "GER-ch Youth U14 2019"]
[Site "Willingen"]
[Date "2019.06.12"]
[Round "5.8"]
[White "Hetzner, Hannes"]
[Black "Evering, Soeren"]
[Result "1-0"]
[WhiteElo "1996"]
[BlackElo "1879"]
[Annotator "NA"]
[PlyCount "53"]
[EventDate "2019.06.07"]
[EventType "swiss"]
[EventRounds "9"]
[EventCountry "GER"]
[SourceTitle "playchess.com"]
[Source "ChessBase"]
[SourceQuality "1"]
[TimeControl "40/5400+30:1800+30"]

1. e4 {[%emt 0:00:00]} e5 {[%emt 0:00:00]} 2. Nf3 {[%emt 0:00:00]} Nc6 {[%emt 0:00:00]} 3. d4 {[%emt 0:00:00]} exd4 {[%emt 0:00:00]} 4. Nxd4 {[%emt 0:00:00]} Bb4+ {[%emt 0:00:09]} 5. c3 {[%emt 0:01:11]} Bc5 {[%emt 0:00:13]} 6. Be3 {[%emt 0:01:05]} Bb6 {[%emt 0:00:22]} 7. Nf5 {[%emt 0:01:17]} Bxe3 {[%emt 0:01:47]} 8. Nxe3 {[%emt 0:05:53]} Nf6 {[%emt 0:02:23]} 9. f3 {[%emt 0:00:45]} O-O {[%emt 0:00:33]} 10. c4 {[%emt 0:00:43]} d6 {[%emt 0:00:44]} 11. Nc3 {[%emt 0:00:34]} Bd7 {[%emt 0:02:02]} 12. Be2 {[%emt 0:01:53]} a6 {[%emt 0:02:14]} 13. O-O {[%emt 0:01:57]} Re8 {[%emt 0:05:39]} 14. Qd2 {[%emt 0:05:22]} Ne5 {[%emt 0:01:39]} 15. a4 {[%emt 0:04:28]} Rb8 {[%emt 0:09:23]} 16. a5 {[%emt 0:04:03]} Ng6 {[%emt 0:03:15]} 17. Rfd1 {[%emt 0:15:37]} Nf4 {[%emt 0:15:46]} 18. Bf1 {[%emt 0:01:42]} N6h5 {[%emt 0:06:01]} 19. Ned5 {[%emt 0:08:42]} Qg5 {[%emt 0:18:54]} 20. g3 {[%emt 0:14:30]} Nxg3 {[%emt 0:14:39]} 21. hxg3 {[%emt 0:00:24]} Qxg3+ {[%emt 0:00:16]} 22. Bg2 {[%emt 0:00:17]} Nh3+ {[%emt 0:01:37]} 23. Kf1 {[%emt 0:00:48]} Qh2 {[%emt 0:01:48]} 24. Bxh3 {[%emt 0:03:50]} Bxh3+ {[%emt 0:01:12]} 25. Ke1 {[%emt 0:00:07]} Qg1+ {[%emt 0:02:27]} 26. Ke2 {[%emt 0:00:11]} Qg2+ {[%emt 0:00:48]} 27. Ke3 {[%emt 0:00:26] normal} 1-0

[Event "GER-ch Youth U14 2019"]
[Site "Willingen"]
[Date "2019.06.12"]
[Round "5.10"]
[White "Farokhi, Keyvan"]
[Black "Simukov, Erik"]
[Result "1/2-1/2"]
[WhiteElo "1963"]
[BlackElo "1904"]
[Annotator "NA"]
[PlyCount "47"]
[EventDate "2019.06.07"]
[EventType "swiss"]
[EventRounds "9"]
[EventCountry "GER"]
[SourceTitle "playchess.com"]
[Source "ChessBase"]
[SourceQuality "1"]
[TimeControl "40/5400+30:1800+30"]

1. e4 {[%emt 0:00:00]} e5 {[%emt 0:00:00]} 2. Nf3 {[%emt 0:00:00]} Nc6 {[%emt 0:00:00]} 3. c3 {[%emt 0:00:00]} d5 {[%emt 0:00:30]} 4. Qa4 {[%emt 0:00:03]} Bd7 {[%emt 0:25:18]} 5. exd5 {[%emt 0:00:27]} Nd4 {[%emt 0:00:15]} 6. Qd1 {[%emt 0:00:01]} Nxf3+ {[%emt 0:00:13]} 7. Qxf3 {[%emt 0:00:01]} Nf6 {[%emt 0:00:22]} 8. Bc4 {[%emt 0:00:16]} Bd6 {[%emt 0:05:24]} 9. d3 {[%emt 0:04:04]} Bg4 {[%emt 0:06:10]} 10. Qg3 {[%emt 0:04:28]} Qd7 {[%emt 0:09:22]} 11. h3 {[%emt 0:05:33]} e4 {[%emt 0:03:44]} 12. Qe3 {[%emt 0:00:29]} Bf5 {[%emt 0:02:23]} 13. dxe4 {[%emt 0:00:22]} O-O {[%emt 0:00:25]} 14. Nd2 {[%emt 0:01:24]} Nxe4 {[%emt 0:01:50]} 15. Nxe4 {[%emt 0:02:19]} Bxe4 {[%emt 0:00:06]} 16. O-O {[%emt 0:01:18]} Rfe8 {[%emt 0:00:17]} 17. Qg5 {[%emt 0:00:46]} Re5 {[%emt 0:02:07]} 18. Qg4 {[%emt 0:00:57]} Qxg4 {[%emt 0:07:21]} 19. hxg4 {[%emt 0:01:54]} Bxd5 {[%emt 0:03:33]} 20. Bxd5 {[%emt 0:00:09]} Rxd5 {[%emt 0:00:05]} 21. Be3 {[%emt 0:00:33]} Rd8 {[%emt 0:01:40]} 22. Rfe1 {[%emt 0:02:43]} a6 {[%emt 0:10:01]} 23. Kf1 {[%emt 0:01:08]} h6 {[%emt 0:05:48]} 24. c4 {[%emt 0:06:16] normal} 1/2-1/2

[Event "GER-ch Youth U14 2019"]
[Site "Willingen"]
[Date "2019.06.12"]
[Round "5.11"]
[White "Tham, Nam"]
[Black "Laux, Dominik"]
[Result "1/2-1/2"]
[WhiteElo "1993"]
[BlackElo "2061"]
[Annotator "NA"]
[PlyCount "64"]
[EventDate "2019.06.07"]
[EventType "swiss"]
[EventRounds "9"]
[EventCountry "GER"]
[SourceTitle "playchess.com"]
[Source "ChessBase"]
[SourceQuality "1"]
[TimeControl "40/5400+30:1800+30"]

1. e4 {[%emt 0:00:00]} c6 {[%emt 0:00:00]} 2. Nc3 {[%emt 0:00:00]} d5 {[%emt 0:00:02]} 3. Nf3 {[%emt 0:00:00]} Bg4 {[%emt 0:00:07]} 4. h3 {[%emt 0:00:00]} Bxf3 {[%emt 0:00:07]} 5. Qxf3 {[%emt 0:00:00]} e6 {[%emt 0:00:11]} 6. d4 {[%emt 0:00:21]} dxe4 {[%emt 0:02:04]} 7. Nxe4 {[%emt 0:00:06]} Qxd4 {[%emt 0:03:55]} 8. c3 {[%emt 0:00:21]} Qb6 {[%emt 0:03:43]} 9. Bg5 {[%emt 0:07:15]} Nd7 {[%emt 0:10:28]} 10. Rd1 {[%emt 0:00:25]} f6 {[%emt 0:04:30]} 11. Bh4 {[%emt 0:02:40]} O-O-O {[%emt 0:04:18]} 12. Be2 {[%emt 0:02:17]} Be7 {[%emt 0:08:47]} 13. O-O {[%emt 0:01:35]} Nh6 {[%emt 0:02:40]} 14. Bg3 {[%emt 0:01:19]} e5 {[%emt 0:02:12]} 15. Nd2 {[%emt 0:02:43]} Nc5 {[%emt 0:04:16]} 16. Nc4 {[%emt 0:05:15]} Qc7 {[%emt 0:02:09]} 17. Rb1 {[%emt 0:02:12]} Ne6 {[%emt 0:03:46]} 18. b4 {[%emt 0:01:31]} Kb8 {[%emt 0:05:39]} 19. a4 {[%emt 0:06:27]} Ng5 {[%emt 0:02:02]} 20. Qe3 {[%emt 0:00:05]} Nf5 {[%emt 0:00:13]} 21. Qc1 {[%emt 0:00:03]} Ne4 {[%emt 0:01:12]} 22. Kh2 {[%emt 0:00:50]} Nfd6 {[%emt 0:03:32]} 23. Rb2 {[%emt 0:10:53]} Nxc4 {[%emt 0:02:33]} 24. Bxc4 {[%emt 0:00:16]} f5 {[%emt 0:05:08]} 25. Re2 {[%emt 0:21:35]} Bf6 {[%emt 0:05:41]} 26. Rxe4 {[%emt 0:03:00]} fxe4 {[%emt 0:00:07]} 27. Qe3 {[%emt 0:00:08]} Rhe8 {[%emt 0:04:21]} 28. Qxe4 {[%emt 0:00:48]} h6 {[%emt 0:01:27]} 29. Re1 {[%emt 0:01:53]} Ka8 {[%emt 0:01:15]} 30. f3 {[%emt 0:00:35]} c5 {[%emt 0:06:14]} 31. b5 {[%emt 0:02:50]} Qd6 {[%emt 0:02:35]} 32. a5 {[%emt 0:00:51]} Re7 {[%emt 0:02:10] normal} 1/2-1/2

[Event "GER-ch Youth U14 2019"]
[Site "Willingen"]
[Date "2019.06.12"]
[Round "5.12"]
[White "Haack, Kevin"]
[Black "Matthaei, Jakob"]
[Result "1-0"]
[WhiteElo "2033"]
[BlackElo "1666"]
[Annotator "NA"]
[PlyCount "122"]
[EventDate "2019.06.07"]
[EventType "swiss"]
[EventRounds "9"]
[EventCountry "GER"]
[SourceTitle "playchess.com"]
[Source "ChessBase"]
[SourceQuality "1"]
[TimeControl "40/5400+30:1800+30"]

1. c4 {[%emt 0:00:00]} Nf6 {[%emt 0:00:00]} 2. Nc3 {[%emt 0:00:00]} e6 {[%emt 0:00:00]} 3. e4 {[%emt 0:00:00]} d5 {[%emt 0:00:00]} 4. cxd5 {[%emt 0:00:00]} exd5 {[%emt 0:00:00]} 5. e5 {[%emt 0:00:00]} Ne4 {[%emt 0:00:08]} 6. Nf3 {[%emt 0:00:00]} Nxc3 {[%emt 0:03:16]} 7. bxc3 {[%emt 0:00:21]} c5 {[%emt 0:01:00]} 8. d4 {[%emt 0:00:31]} Nc6 {[%emt 0:01:25]} 9. Bd3 {[%emt 0:02:34]} c4 {[%emt 0:02:57]} 10. Bc2 {[%emt 0:00:50]} Be7 {[%emt 0:00:58]} 11. a4 {[%emt 0:02:00]} Bg4 {[%emt 0:05:54]} 12. O-O {[%emt 0:01:50]} O-O {[%emt 0:03:03]} 13. h3 {[%emt 0:01:14]} Bh5 {[%emt 0:02:27]} 14. Re1 {[%emt 0:05:50]} Qd7 {[%emt 0:05:59]} 15. Qe2 {[%emt 0:02:13]} Nd8 {[%emt 0:03:40]} 16. e6 {[%emt 0:15:09]} Nxe6 {[%emt 0:08:43]} 17. g4 {[%emt 0:00:22]} Bg6 {[%emt 0:00:26]} 18. Ne5 {[%emt 0:00:28]} Qc8 {[%emt 0:01:10]} 19. Bxg6 {[%emt 0:08:40]} hxg6 {[%emt 0:00:18]} 20. Nxg6 {[%emt 0:00:14]} fxg6 {[%emt 0:00:08]} 21. Qxe6+ {[%emt 0:00:07]} Qxe6 {[%emt 0:00:05]} 22. Rxe6 {[%emt 0:00:04]} Kf7 {[%emt 0:01:45]} 23. Re5 {[%emt 0:00:42]} Rad8 {[%emt 0:00:44]} 24. Rb1 {[%emt 0:00:59]} Rd7 {[%emt 0:01:27]} 25. Rxe7+ {[%emt 0:05:18]} Rxe7 {[%emt 0:00:58]} 26. Ba3 {[%emt 0:00:06]} Rfe8 {[%emt 0:00:31]} 27. Bxe7 {[%emt 0:00:21]} Rxe7 {[%emt 0:00:01]} 28. Kg2 {[%emt 0:01:55]} g5 {[%emt 0:01:58]} 29. Rb5 {[%emt 0:03:10]} Ke6 {[%emt 0:02:47]} 30. Kg3 {[%emt 0:00:54]} Kd6 {[%emt 0:04:53]} 31. h4 {[%emt 0:03:40]} gxh4+ {[%emt 0:06:23]} 32. Kxh4 {[%emt 0:00:08]} b6 {[%emt 0:00:46]} 33. Rb2 {[%emt 0:00:16]} Re1 {[%emt 0:00:20]} 34. Rc2 {[%emt 0:09:11]} Ke6 {[%emt 0:13:31]} 35. Kg5 {[%emt 0:02:16]} Kf7 {[%emt 0:01:05]} 36. a5 {[%emt 0:01:42]} b5 {[%emt 0:02:44]} 37. a6 {[%emt 0:00:36]} Rb1 {[%emt 0:00:32]} 38. Kf5 {[%emt 0:01:40]} b4 {[%emt 0:04:11]} 39. cxb4 {[%emt 0:00:41]} Rxb4 {[%emt 0:00:18]} 40. Ke5 {[%emt 0:00:57]} Rb5 {[%emt 0:01:54]} 41. Kd6 {[%emt 0:30:21]} g5 {[%emt 0:36:26]} 42. Kc6 {[%emt 0:02:31]} Rb6+ {[%emt 0:03:44]} 43. Kxd5 {[%emt 0:00:07]} Rxa6 {[%emt 0:00:03]} 44. Rxc4 {[%emt 0:00:37]} Ra2 {[%emt 0:00:27]} 45. f3 {[%emt 0:00:33]} a5 {[%emt 0:06:08]} 46. Rc7+ {[%emt 0:01:35]} Kf6 {[%emt 0:00:26]} 47. Rc6+ {[%emt 0:00:13]} Kf7 {[%emt 0:00:16]} 48. Ke5 {[%emt 0:01:19]} Rf2 {[%emt 0:05:04]} 49. Rc3 {[%emt 0:00:26]} Kg6 {[%emt 0:00:00]} 50. Ra3 {[%emt 0:00:00]} Re2+ {[%emt 0:00:00]} 51. Kd5 {[%emt 0:00:00]} Kf6 {[%emt 0:00:00]} 52. Kd6 {[%emt 0:00:00]} Rd2 {[%emt 0:00:00]} 53. d5 {[%emt 0:00:00]} Rd1 {[%emt 0:00:00]} 54. Rxa5 {[%emt 0:00:00]} Rd3 {[%emt 0:00:00]} 55. Kd7 {[%emt 0:00:00]} Rxf3 {[%emt 0:00:00]} 56. d6 {[%emt 0:00:00]} Rg3 {[%emt 0:00:00]} 57. Rf5+ {[%emt 0:00:00]} Kg6 {[%emt 0:00:00]} 58. Ke6 {[%emt 0:00:00]} Rxg4 {[%emt 0:00:00]} 59. d7 {[%emt 0:00:00]} Rd4 {[%emt 0:00:00]} 60. Rd5 {[%emt 0:00:00]} Re4+ {[%emt 0:00:00] normal} 61. Kd6 {[%emt 0:00:00]} Re3 {normal} 1-0

[Event "GER-ch Youth U14 2019"]
[Site "Willingen"]
[Date "2019.06.12"]
[Round "5.13"]
[White "Roste, Hugo"]
[Black "Kosev, Momchil"]
[Result "1/2-1/2"]
[WhiteElo "1287"]
[BlackElo "1827"]
[Annotator "NA"]
[PlyCount "43"]
[EventDate "2019.06.07"]
[EventType "swiss"]
[EventRounds "9"]
[EventCountry "GER"]
[SourceTitle "playchess.com"]
[Source "ChessBase"]
[SourceQuality "1"]
[TimeControl "40/5400+30:1800+30"]

1. d4 {[%emt 0:00:00]} Nf6 {[%emt 0:00:00]} 2. c4 {[%emt 0:00:00]} e6 {[%emt 0:00:00]} 3. Nf3 {[%emt 0:00:00]} Bb4+ {[%emt 0:00:00]} 4. Bd2 {[%emt 0:00:02]} Qe7 {[%emt 0:00:07]} 5. e3 {[%emt 0:00:19]} a5 {[%emt 0:06:54]} 6. Be2 {[%emt 0:01:37]} Ne4 {[%emt 0:08:08]} 7. O-O {[%emt 0:03:36]} b6 {[%emt 0:01:52]} 8. a3 {[%emt 0:03:41]} Bxd2 {[%emt 0:00:07]} 9. Nbxd2 {[%emt 0:00:10]} Bb7 {[%emt 0:00:20]} 10. Qc2 {[%emt 0:01:58]} f5 {[%emt 0:01:05]} 11. h3 {[%emt 0:02:26]} O-O {[%emt 0:02:11]} 12. Rfc1 {[%emt 0:05:04]} d6 {[%emt 0:05:49]} 13. b4 {[%emt 0:10:26]} axb4 14. axb4 {[%emt 0:00:13]} Nd7 {[%emt 0:02:25]} 15. Nxe4 {[%emt 0:02:10]} Bxe4 {[%emt 0:03:28]} 16. Qc3 {[%emt 0:00:57]} Nf6 {[%emt 0:10:05]} 17. Rxa8 {[%emt 0:05:36]} Rxa8 {[%emt 0:01:54]} 18. Ra1 {[%emt 0:02:08]} Rxa1+ {[%emt 0:09:32]} 19. Qxa1 {[%emt 0:00:10]} h6 {[%emt 0:03:13]} 20. Nd2 {[%emt 0:02:00]} Bc6 {[%emt 0:07:44]} 21. b5 {[%emt 0:02:44]} Be8 {[%emt 0:04:15] normal} 22. Qa8 {[%emt 0:07:18] normal} 1/2-1/2

[Event "GER-ch Youth U14 2019"]
[Site "Willingen"]
[Date "2019.06.12"]
[Round "5.14"]
[White "Schubert, Nikita"]
[Black "Sinnhoefer, Joshua"]
[Result "1-0"]
[WhiteElo "1806"]
[BlackElo "1466"]
[Annotator "NA"]
[PlyCount "77"]
[EventDate "2019.06.07"]
[EventType "swiss"]
[EventRounds "9"]
[EventCountry "GER"]
[SourceTitle "playchess.com"]
[Source "ChessBase"]
[SourceQuality "1"]
[TimeControl "40/5400+30:1800+30"]

1. d4 {[%emt 0:00:00]} d5 {[%emt 0:00:00]} 2. Nf3 {[%emt 0:00:00]} Nf6 {[%emt 0:00:00]} 3. g3 {[%emt 0:00:00]} c5 {[%emt 0:00:01]} 4. Bg2 {[%emt 0:02:04]} Nc6 {[%emt 0:00:25]} 5. O-O {[%emt 0:00:33]} cxd4 {[%emt 0:01:19]} 6. Nxd4 {[%emt 0:00:11]} e5 {[%emt 0:00:04]} 7. Nxc6 {[%emt 0:01:06]} bxc6 {[%emt 0:01:43]} 8. c4 {[%emt 0:00:47]} Be6 {[%emt 0:01:13]} 9. Bg5 {[%emt 0:09:13]} Qd7 {[%emt 0:08:07]} 10. Nc3 {[%emt 0:15:26]} Rd8 {[%emt 0:04:04]} 11. Qa4 {[%emt 0:02:37]} Be7 {[%emt 0:07:00]} 12. Rfd1 {[%emt 0:00:57]} O-O {[%emt 0:02:40]} 13. Rd2 {[%emt 0:09:37]} Qb7 {[%emt 0:05:31]} 14. Rad1 {[%emt 0:02:17]} e4 {[%emt 0:03:58]} 15. Bxf6 {[%emt 0:09:42]} Bxf6 {[%emt 0:01:50]} 16. Qa5 {[%emt 0:00:20]} Bxc3 {[%emt 0:01:20]} 17. bxc3 {[%emt 0:10:07]} Rb8 {[%emt 0:01:39]} 18. Qa4 {[%emt 0:11:47]} Qb6 {[%emt 0:01:31]} 19. e3 {[%emt 0:06:03]} Rfc8 {[%emt 0:00:35]} 20. Rc1 {[%emt 0:02:42]} h6 {[%emt 0:01:53]} 21. Rdc2 {[%emt 0:00:33]} Rb7 {[%emt 0:01:38]} 22. Bf1 {[%emt 0:00:41]} a5 {[%emt 0:01:39]} 23. cxd5 {[%emt 0:02:59]} cxd5 {[%emt 0:00:21]} 24. Kg2 {[%emt 0:07:50]} Qc5 {[%emt 0:02:23]} 25. Ba6 {[%emt 0:02:17]} Bd7 {[%emt 0:02:20]} 26. Qd4 {[%emt 0:00:22]} Qxd4 {[%emt 0:00:19]} 27. exd4 {[%emt 0:00:12]} Rbc7 {[%emt 0:00:13]} 28. Bxc8 {[%emt 0:00:06]} Rxc8 {[%emt 0:00:38]} 29. c4 {[%emt 0:00:36]} Kf8 {[%emt 0:00:54]} 30. cxd5 {[%emt 0:00:24]} Rxc2 {[%emt 0:00:43]} 31. Rxc2 {[%emt 0:00:00]} Ke7 {[%emt 0:00:08]} 32. f3 {[%emt 0:02:08]} exf3+ {[%emt 0:00:52]} 33. Kxf3 Kd6 34. Ke3 {[%emt 0:00:39]} a4 {[%emt 0:00:32]} 35. Rc5 {[%emt 0:01:09]} g5 {[%emt 0:00:10]} 36. Ra5 {[%emt 0:00:58]} h5 37. h4 {[%emt 0:00:01]} gxh4 {[%emt 0:01:03]} 38. gxh4 f5 {[%emt 0:00:19]} 39. Kf4 {[%emt 0:00:45] normal} 1-0

[Event "GER-ch Youth U14 2019"]
[Site "Willingen"]
[Date "2019.06.12"]
[Round "5.15"]
[White "Schauties, Nico Antonio"]
[Black "Haufe, Laurin"]
[Result "1/2-1/2"]
[WhiteElo "1866"]
[BlackElo "1995"]
[Annotator "NA"]
[PlyCount "38"]
[EventDate "2019.06.07"]
[EventType "swiss"]
[EventRounds "9"]
[EventCountry "GER"]
[SourceTitle "playchess.com"]
[Source "ChessBase"]
[SourceQuality "1"]
[TimeControl "40/5400+30:1800+30"]

1. c4 {[%emt 0:00:00]} Nf6 {[%emt 0:00:00]} 2. Nc3 {[%emt 0:00:00]} g6 {[%emt 0:00:00]} 3. g3 {[%emt 0:00:00]} Bg7 {[%emt 0:00:09]} 4. Bg2 {[%emt 0:00:06]} c5 {[%emt 0:00:15]} 5. Nf3 {[%emt 0:00:12]} O-O {[%emt 0:00:11]} 6. O-O {[%emt 0:00:38]} Nc6 {[%emt 0:00:16]} 7. d4 {[%emt 0:00:41]} cxd4 {[%emt 0:00:05]} 8. Nxd4 {[%emt 0:00:06]} d6 {[%emt 0:00:23]} 9. Nxc6 {[%emt 0:08:20]} bxc6 {[%emt 0:00:04]} 10. Bxc6 {[%emt 0:00:11]} Rb8 {[%emt 0:00:02]} 11. Bg2 {[%emt 0:06:13]} Qa5 {[%emt 0:00:10]} 12. Qc2 {[%emt 0:03:58]} Qh5 {[%emt 0:01:20]} 13. c5 {[%emt 0:14:43]} dxc5 {[%emt 0:08:54]} 14. Rd1 {[%emt 0:06:13]} Bf5 {[%emt 0:12:04]} 15. Qa4 {[%emt 0:07:19]} Bh3 {[%emt 0:14:17]} 16. Bh1 {[%emt 0:01:44]} Be6 {[%emt 0:21:19]} 17. Bg2 {[%emt 0:05:38]} Rb4 {[%emt 0:06:39]} 18. Qxa7 {[%emt 0:01:50]} Ng4 {[%emt 0:03:47]} 19. h3 {[%emt 0:01:01] normal} Nf6 {[%emt 0:04:25] normal} 1/2-1/2

[Event "GER-ch Youth U14 2019"]
[Site "Willingen"]
[Date "2019.06.12"]
[Round "5.16"]
[White "Bress, Aaron"]
[Black "May, Ben-Iven"]
[Result "0-1"]
[WhiteElo "1849"]
[BlackElo "1692"]
[Annotator "NA"]
[PlyCount "58"]
[EventDate "2019.06.07"]
[EventType "swiss"]
[EventRounds "9"]
[EventCountry "GER"]
[SourceTitle "playchess.com"]
[Source "ChessBase"]
[SourceQuality "1"]
[TimeControl "40/5400+30:1800+30"]

1. e4 {[%emt 0:00:00]} c5 {[%emt 0:00:00]} 2. Nf3 {[%emt 0:00:00]} d6 {[%emt 0:00:00]} 3. d4 {[%emt 0:00:06]} cxd4 {[%emt 0:00:00]} 4. Nxd4 {[%emt 0:00:07]} Nf6 {[%emt 0:00:00]} 5. Nc3 {[%emt 0:00:42]} a6 {[%emt 0:00:00]} 6. Bg5 {[%emt 0:08:36]} e6 {[%emt 0:00:37]} 7. f4 {[%emt 0:01:53]} Be7 {[%emt 0:00:06]} 8. Qf3 {[%emt 0:03:02]} Nbd7 {[%emt 0:00:20]} 9. O-O-O {[%emt 0:02:23]} h6 {[%emt 0:01:34]} 10. Bxf6 {[%emt 0:08:09]} Bxf6 {[%emt 0:00:07]} 11. g4 {[%emt 0:11:17]} g5 {[%emt 0:00:22]} 12. f5 {[%emt 0:11:43]} Ne5 {[%emt 0:00:23]} 13. Qe2 {[%emt 0:04:33]} Qc7 {[%emt 0:03:53]} 14. Bg2 {[%emt 0:01:27]} Bd7 {[%emt 0:01:32]} 15. Rhf1 {[%emt 0:03:33]} O-O {[%emt 0:00:13]} 16. Kb1 {[%emt 0:12:22]} Rac8 {[%emt 0:01:52]} 17. h3 {[%emt 0:03:44]} b5 {[%emt 0:01:59]} 18. Qd2 {[%emt 0:06:43]} Nc4 {[%emt 0:01:42]} 19. Qc1 {[%emt 0:00:18]} Qb6 {[%emt 0:12:08]} 20. Nce2 {[%emt 0:05:51]} e5 {[%emt 0:03:58]} 21. Nf3 {[%emt 0:00:55]} Ne3 {[%emt 0:00:02]} 22. Rxd6 {[%emt 0:00:44]} Qxd6 {[%emt 0:00:33]} 23. Qxe3 {[%emt 0:00:08]} Qc5 {[%emt 0:01:18]} 24. Qc1 {[%emt 0:01:03]} Bc6 {[%emt 0:01:18]} 25. Ng3 {[%emt 0:00:08]} Qe7 {[%emt 0:15:55]} 26. Rh1 {[%emt 0:04:01]} Rfd8 {[%emt 0:03:05]} 27. h4 {[%emt 0:05:39]} Rd6 {[%emt 0:07:06]} 28. Bf1 {[%emt 0:02:31]} gxh4 {[%emt 0:03:39]} 29. Nh5 {[%emt 0:01:07]} Bxe4 {[%emt 0:00:15] normal} 0-1

[Event "GER-ch Youth U14 2019"]
[Site "Willingen"]
[Date "2019.06.12"]
[Round "5.17"]
[White "Rockmann, Enno"]
[Black "Weidenhoefer, Max"]
[Result "0-1"]
[WhiteElo "1527"]
[BlackElo "1787"]
[Annotator "NA"]
[PlyCount "62"]
[EventDate "2019.06.07"]
[EventType "swiss"]
[EventRounds "9"]
[EventCountry "GER"]
[SourceTitle "playchess.com"]
[Source "ChessBase"]
[SourceQuality "1"]
[TimeControl "40/5400+30:1800+30"]

1. e4 {[%emt 0:00:00]} c6 {[%emt 0:00:00]} 2. d4 {[%emt 0:00:00]} d5 {[%emt 0:00:00]} 3. exd5 {[%emt 0:00:00]} cxd5 {[%emt 0:00:00]} 4. c4 Nf6 {[%emt 0:00:05]} 5. Nc3 {[%emt 0:00:15]} Nc6 {[%emt 0:00:56]} 6. cxd5 {[%emt 0:00:27]} Nxd5 {[%emt 0:00:10]} 7. Bc4 {[%emt 0:00:04]} Nb6 {[%emt 0:18:30]} 8. Bb5 {[%emt 0:00:03]} Bd7 {[%emt 0:00:23]} 9. Bf4 {[%emt 0:02:04]} a6 {[%emt 0:01:46]} 10. Be2 {[%emt 0:04:47]} e6 {[%emt 0:05:40]} 11. Nf3 {[%emt 0:00:31]} Bb4 {[%emt 0:02:33]} 12. O-O {[%emt 0:00:21]} O-O {[%emt 0:01:35]} 13. a3 {[%emt 0:00:03]} Bxc3 {[%emt 0:01:54]} 14. bxc3 {[%emt 0:00:04]} Nd5 {[%emt 0:00:07]} 15. Qd2 {[%emt 0:02:04]} Nxf4 {[%emt 0:01:42]} 16. Qxf4 {[%emt 0:00:06]} Ne7 {[%emt 0:00:30]} 17. Bd3 {[%emt 0:02:39]} h6 {[%emt 0:05:43]} 18. Qe4 {[%emt 0:00:47]} g6 {[%emt 0:13:07]} 19. Qxb7 {[%emt 0:00:45]} Bc6 {[%emt 0:00:15]} 20. Qb2 {[%emt 0:00:54]} Bxf3 {[%emt 0:03:55]} 21. gxf3 {[%emt 0:00:06]} Nd5 {[%emt 0:01:38]} 22. Qd2 {[%emt 0:01:26]} Qh4 {[%emt 0:10:29]} 23. Be4 {[%emt 0:03:07]} Rad8 {[%emt 0:03:42]} 24. c4 {[%emt 0:05:06]} Nf4 {[%emt 0:00:35]} 25. Kh1 {[%emt 0:00:34]} Nh3 {[%emt 0:00:35]} 26. Rad1 {[%emt 0:08:52]} Kh7 {[%emt 0:03:05]} 27. Qb2 {[%emt 0:12:14]} Ng5 {[%emt 0:03:01]} 28. Rfe1 {[%emt 0:01:58]} f5 {[%emt 0:02:17]} 29. Bc6 {[%emt 0:04:39]} Rb8 {[%emt 0:01:52]} 30. Qe2 {[%emt 0:01:25]} Rb6 {[%emt 0:00:30]} 31. d5 {[%emt 0:01:14]} Rb2 {[%emt 0:08:33] normal} 0-1